| 000 | 00888nam a2200241Ia 4500 | ||
|---|---|---|---|
| 003 | GCL | ||
| 008 | 140319s9999 xx 000 0 ara d | ||
| 020 | _a206314977 | ||
| 040 |
_aGCL / _cGCL |
||
| 082 | 0 | 4 |
_a612.8252 _bو ن |
| 100 | 1 | _aعلى محمود شعيب | |
| 245 | 1 | 0 |
_aالنشاط الحركى الزائد لدى الاطفال : _bالاسباب والعلاج / _cعلى محمود شعيب |
| 700 | 1 | _aوولكر، سيدنى | |
| 260 |
_aالقاهرة : _bمكتبة زهراء الشرق ، _c2003 |
||
| 300 |
_a282 ص ؛ _c24 سم |
||
| 650 | 0 | 4 | _aالاطفال - علم نفس |
| 650 | 0 | 4 | _aالاطفال - العناية الصحية |
| 650 | 0 | 4 | _aالاطفال - رعاية |
| 650 | 0 | 4 | _aالاطفال - اختبارات الذكاء |
| 650 | 0 | 4 | _aالاطفال - امراض - علم نفس |
| 650 | 0 | 4 | _aالنشاط الزائد |
| 942 |
_2ddc _cBK |
||
| 999 |
_c6303 _d6303 |
||